000 00321nam a22001337a 4500
020 _a9789350562338
082 _a630.68
_bPAR/AG
100 _aParameshwar, Hegde
_9368
245 _aAgribusiness Management
250 _a1
260 _aNew Delhi
_bDiscovery Publishing House Pvt Ltd
_c2013
300 _a192
942 _cBK
999 _c14276
_d14276